| 000 | 00362nam a22001577a 4500 | ||
|---|---|---|---|
| 003 | OSt | ||
| 008 | 240326b |||||||| |||| 00| 0 eng d | ||
| 020 | _a9780190121099 | ||
| 082 | _a004.678 DUI | ||
| 100 | _aDURBHA,Surya | ||
| 245 | _aInternet of Things | ||
| 260 |
_aNew Delhi _bOxford _c2021 |
||
| 300 | _a412 | ||
| 700 | _aJOGLEKAR,Jyoti | ||
| 942 |
_2ddc _cREF |
||
| 999 |
_c12300 _d12300 |
||